Gondolatok az idő mibenlétéről (Néhány filozófiai és fizikai időértelmezés elemzése, különös tekintettel a XX. századra)

Elmentve itt :
Bibliográfiai részletek
Szerző: Nagy Edit
További közreműködők: nincs megadva (Témavezető)
Dokumentumtípus: Disszertáció
Megjelent: 1992
Kulcsszavak:Filozófia
Tárgyszavak:
mtmt:2065922
Online Access:http://doktori.ek.szte.hu/5595
LEADER 00803nta a2200217 i 4500
001 dokt5595
005 20220505092254.0
008 220505s1992 hu om 0|| hun d
024 7 |a 2065922  |2 mtmt 
040 |a SZTE Doktori Repozitórium  |b hun 
041 |a hun 
100 1 |a Nagy Edit 
245 1 0 |a Gondolatok az idő mibenlétéről (Néhány filozófiai és fizikai időértelmezés elemzése, különös tekintettel a XX. századra)  |h [elektronikus dokumentum] /  |c  Nagy Edit 
260 |c 1992 
502 |a Disszertacio 
650 4 |a filozófiai tudományok 
650 4 |a Bölcsészettudományok 
650 4 |a Filozófia, etika és vallástudományok 
695 |a Filozófia 
700 1 |a nincs megadva  |e ths 
856 4 0 |u https://doktori.bibl.u-szeged.hu/id/eprint/5595/1/1992_nagy_edit.pdf  |z Dokumentum-elérés